Українські народні казки (Запис № 17375)

000 -Маркер запису
Контрольне поле сталої довжини 01236nam a22002537a 4500
003 - Належність контрольного номера
Контрольне поле Uzh_bibl
008 - Кодовані дані
Контрольне поле сталої довжини 260417b |||||||| |||| 00| 0 ukr d
020 ## - Індекс ISBN
ISBN 5-301-01020-4
Ціна 36,25
040 ## - Джерело каталогіз.
Код мови каталог. укр.
041 ## - Код мови видання
Код мови оригіналу українська
Код мови тексту українська
080 ## - Індекс УДК
Індекс УДК 821.161.2
090 ## - Шифри
Поличний індекс 821.161.2
Авторський знак У-45
100 ## - Автор
Автор -
245 ## - Назва
Назва Українські народні казки
Відповідальність Худож.К.І. Сулими
Фізичний носій Текст
260 ## - Вихідні дані
Місце видання Київ
Видавництво "Веселка"
Дата видання 1990
300 ## - Фізичний опис
Обсяг 271 с.
Ілл./тип відтвор. іл.
Тип одиниці В опр.
520 ## - Анотація
Анотація До книги увійшли найпопулярніші українські народні казки про тварин, чарівні та соціально-побутові. Вони прославляють розум,кмітливість, доброту, працелюбність, мужність, вчать боротися за торжество справедливості.
521 ## - Примітка про цільове призначення
Примітка про цільове призначення Для широкого кола читачів
546 ## - Примітка про мову
Примітка про мову укр.
650 ## - Тематичні рубрики
Основна рубрика Літературно-художнє видання
653 ## - Ключові слова
Ключові слова Три брати
-- Царівна жаба
-- Хліб і золото
655 ## - Термін індексування — жанр/форма
Жанр/форма Художня література
Типове ділення Казки
942 ## - ADDED ENTRY ELEMENTS (KOHA)
Джерело класифікації чи схема поличного розташування
Koha item type Книги
Фонди
Статус вилучення Статус втрати/відсутності Джерело класифікації чи схема поличного розташування Статус пошкодження Тип обігу (не для випозичання) Постійне розташування Поточне розташування Розташування у відділі Дата надходження Інвентарний номер Total Checkouts Повний (примірниковий) шифр зберігання Штрих-код Date last seen Дата, для якої чинна ціна заміни Тип одиниці (рівень примірника)
          Бібліотека-філія №2 Бібліотека-філія №2 Абонемент молодший відділ 17/04/2026 32124   821.161.2 19673 17/04/2026 17/04/2026 Книги

Працює на АБІС Коха